Di truyền chọn giống động vật

Uloženo v:
Podrobná bibliografie
Hlavní autor: Trịnh, Đình Đạt
Médium: Kniha
Jazyk:Undetermined
Vydáno: Hà Nội Nxb. Đại học Quốc gia Hà Nội 2002
Témata:
Tagy: Přidat tag
Žádné tagy, Buďte první, kdo otaguje tento záznam!
Thư viện lưu trữ: Trung tâm Học liệu Trường Đại học Cần Thơ
LEADER 00617nam a2200205Ia 4500
001 CTU_54342
008 210402s9999 xx 000 0 und d
020 |c 17800 
082 |a 591.35 
082 |b Đ110 
100 |a Trịnh, Đình Đạt 
245 0 |a Di truyền chọn giống động vật 
245 0 |c Trịnh Đình Đạt 
260 |a Hà Nội 
260 |b Nxb. Đại học Quốc gia Hà Nội 
260 |c 2002 
526 |a Giống vật nuôi 
526 |b NNN603 
650 |a Animal genetics,Animal breeding 
980 |a Trung tâm Học liệu Trường Đại học Cần Thơ